Fr. Conceicao Rodrigues College of Engineering

Green IT for sustainable business (Record no. 19168)

MARC details
000 -LEADER
fixed length control field 00303nam a2200145Ia 4500
082 ## - DEWEY DECIMAL CLASSIFICATION NUMBER
Classification number 658.409
Item number ONE
100 ## - MAIN ENTRY--PERSONAL NAME
Personal name O'Neil/Mark G
245 ## - TITLE STATEMENT
Title Green IT for sustainable business
260 ## - PUBLICATION, DISTRIBUTION, ETC.
Name of publisher, distributor, etc. Viva
Date of publication, distribution, etc. 2011
366 ## - TRADE AVAILABILITY INFORMATION
Publishers's discount category 20
300 ## - PHYSICAL DESCRIPTION
Extent 144
546 ## - LANGUAGE NOTE
Language note ENGLISH
-- Info.Tech
942 ## - ADDED ENTRY ELEMENTS (KOHA)
Koha item type BOOK
Holdings
Withdrawn status Lost status Damaged status Not for loan Collection Home library Current library Date acquired Source of acquisition Cost, normal purchase price Inventory number Total Checkouts Full call number Barcode Date last seen Cost, replacement price Price effective from Koha item type
        CRC Fr. Agnel's C.Rodrigues College of Engineering Fr. Agnel's C.Rodrigues College of Engineering 17/03/2023 Book Base 220.00 10810 dt 26/04/2011   658.409 ONE 21603 17/03/2023 275.00   BOOK